[Event "FIDE Open Sachove Univerzity QCC"]
[Site "Ceske Budejovice"]
[Date "2020.07.02"]
[Round "2.21"]
[White "Sobotka, Radim"]
[Black "Barta, David"]
[Result "1/2-1/2"]
[WhiteElo "1764"]
[BlackElo "1541"]
[Annotator "NA"]
[PlyCount "100"]
[EventDate "2020.07.01"]
[EventType "swiss"]
[EventCountry "CZE"]
[SourceTitle "playchess.com"]
[Source "ChessBase"]
[SourceQuality "1"]
[TimeControl "40/5400+30:1800+30"]

1. e4 {[%emt 0:00:00]} e5 {[%emt 0:00:00]} 2. f4 {[%emt 0:00:00]} Nc6 {[%emt 0:00:34]} 3. Nf3 {[%emt 0:00:00]} exf4 {[%emt 0:01:31]} 4. Bc4 {[%emt 0:00:36]} d6 {[%emt 0:01:53]} 5. d4 {[%emt 0:00:39]} g5 {[%emt 0:01:33]} 6. h4 {[%emt 0:00:41]} f6 {[%emt 0:02:03]} 7. Nc3 {[%emt 0:14:14]} Bg4 {[%emt 0:01:46]} 8. d5 {[%emt 0:16:22]} Ne5 {[%emt 0:07:00]} 9. Bb5+ {[%emt 0:08:00]} Bd7 {[%emt 0:00:53]} 10. Nxe5 {[%emt 0:06:06]} fxe5 {[%emt 0:08:11]} 11. Qh5+ {[%emt 0:00:26]} Ke7 {[%emt 0:00:20]} 12. hxg5 {[%emt 0:03:35]} Qe8 {[%emt 0:01:55]} 13. Be2 {[%emt 0:04:37]} Qxh5 {[%emt 0:00:29]} 14. Bxh5 {[%emt 0:00:21]} h6 {[%emt 0:00:53]} 15. Bg6 {[%emt 0:01:43]} Bg7 {[%emt 0:00:58]} 16. gxh6 {[%emt 0:02:41]} Rxh6 {[%emt 0:00:14]} 17. Rxh6 {[%emt 0:00:12]} Bxh6 {[%emt 0:00:04]} 18. Bh5 {[%emt 0:06:18]} Nf6 {[%emt 0:00:09]} 19. Bf3 {[%emt 0:00:06]} Bg5 {[%emt 0:00:14]} 20. Bd2 {[%emt 0:00:50]} Bh4+ {[%emt 0:00:11]} 21. Ke2 {[%emt 0:00:22]} Kf7 {[%emt 0:01:32]} 22. Be1 {[%emt 0:03:01]} Rh8 {[%emt 0:00:50]} 23. Kd3 {[%emt 0:01:14]} Kg6 {[%emt 0:00:28]} 24. Bxh4 {[%emt 0:02:19]} Rxh4 {[%emt 0:00:06]} 25. Rg1 {[%emt 0:01:04]} Nh5 {[%emt 0:01:36]} 26. Ne2 {[%emt 0:01:30]} Ng3 {[%emt 0:01:31]} 27. c4 {[%emt 0:02:47]} Nxe2 {[%emt 0:02:30]} 28. Kxe2 {[%emt 0:00:09]} Bg4 {[%emt 0:00:10]} 29. Kd3 {[%emt 0:03:01]} Kh5 {[%emt 0:01:15]} 30. Ke2 {[%emt 0:08:51]} Rh2 {[%emt 0:00:50]} 31. Kf2 {[%emt 0:00:34]} Bxf3 {[%emt 0:01:10]} 32. Kxf3 {[%emt 0:00:08]} Kg5 {[%emt 0:00:13]} 33. b4 {[%emt 0:02:09]} Rh8 {[%emt 0:01:19]} 34. a4 {[%emt 0:00:58]} Rh4 {[%emt 0:03:36]} 35. g3 {[%emt 0:05:04]} Rh3 {[%emt 0:03:05]} 36. Rg2 {[%emt 0:04:18]} Kh5 {[%emt 0:02:50]} 37. Rg1 {[%emt 0:00:01]} Rxg3+ {[%emt 0:02:42]} 38. Rxg3 {[%emt 0:00:03]} fxg3 {[%emt 0:00:08]} 39. Kxg3 {[%emt 0:00:01]} a5 {[%emt 0:01:06]} 40. bxa5 {[%emt 0:01:43]} Kg5 {[%emt 0:00:17]} 41. a6 {[%emt 0:32:29]} bxa6 {[%emt 0:30:02]} 42. a5 {[%emt 0:00:24]} Kf6 {[%emt 0:01:56]} 43. Kh4 {[%emt 0:00:00]} Ke7 {[%emt 0:00:00]} 44. Kg5 {[%emt 0:00:00]} Kd7 {[%emt 0:00:00]} 45. Kf6 {[%emt 0:00:00]} Kd8 {[%emt 0:00:00]} 46. Kf5 {[%emt 0:00:00]} Ke7 {[%emt 0:00:00]} 47. Kg5 {[%emt 0:00:00]} Kf7 {[%emt 0:00:00]} 48. Kf5 {[%emt 0:00:00]} Ke7 {[%emt 0:00:00]} 49. Kg6 {[%emt 0:00:00]} Ke8 {[%emt 0:00:00]} 50. Kf6 {[%emt 0:00:00]} Kf8 {[%emt 0:00:00]} 1/2-1/2

[Event "FIDE Open Sachove Univerzity QCC"]
[Site "Ceske Budejovice"]
[Date "2020.07.02"]
[Round "2.22"]
[White "Predota, Vit"]
[Black "Huemer, Gerald"]
[Result "0-1"]
[WhiteElo "1233"]
[BlackElo "1721"]
[Annotator "NA"]
[PlyCount "49"]
[EventDate "2020.07.01"]
[EventType "swiss"]
[EventCountry "CZE"]
[SourceTitle "playchess.com"]
[Source "ChessBase"]
[SourceQuality "1"]
[TimeControl "40/5400+30:1800+30"]

1. e4 {[%emt 0:00:00]} c5 {[%emt 0:00:00]} 2. Nf3 {[%emt 0:00:20]} d6 {[%emt 0:00:00]} 3. Bb5+ {[%emt 0:00:28]} Nd7 {[%emt 0:00:19]} 4. d4 {[%emt 0:00:47]} cxd4 {[%emt 0:00:27]} 5. Bxd7+ {[%emt 0:01:19]} Bxd7 {[%emt 0:00:24]} 6. Qxd4 {[%emt 0:01:27]} Qc7 {[%emt 0:01:48]} 7. Nc3 {[%emt 0:00:34]} e5 {[%emt 0:01:32]} 8. Qd5 {[%emt 0:06:43]} Nf6 {[%emt 0:00:31]} 9. Qb3 {[%emt 0:00:29]} Bc6 {[%emt 0:01:31]} 10. Qc4 {[%emt 0:01:42]} Rc8 {[%emt 0:00:18]} 11. Nd5 {[%emt 0:02:05]} Bxd5 {[%emt 0:01:38]} 12. exd5 {[%emt 0:01:18]} Qxc4 {[%emt 0:01:47]} 13. c3 {[%emt 0:00:44]} Nxd5 {[%emt 0:01:36]} 14. Bd2 {[%emt 0:00:20]} Be7 {[%emt 0:02:03]} 15. b3 {[%emt 0:00:14]} Qe4+ {[%emt 0:00:36]} 16. Kf1 {[%emt 0:00:38]} O-O {[%emt 0:01:04]} 17. c4 {[%emt 0:00:28]} Nf4 {[%emt 0:01:15]} 18. Re1 {[%emt 0:02:13]} Qd3+ {[%emt 0:01:33]} 19. Kg1 {[%emt 0:00:15]} Ne2+ {[%emt 0:00:16]} 20. Kf1 {[%emt 0:01:12]} Ng3+ {[%emt 0:00:13]} 21. Kg1 {[%emt 0:00:24]} Nxh1 {[%emt 0:00:08]} 22. Kxh1 {[%emt 0:00:22]} e4 {[%emt 0:00:22]} 23. Re3 {[%emt 0:01:21]} Qxe3 {[%emt 0:00:27]} 24. Bxe3 {[%emt 0:00:14]} exf3 {[%emt 0:00:06]} 25. gxf3 {[%emt 0:00:18]} 0-1

[Event "FIDE Open Sachove Univerzity QCC"]
[Site "Ceske Budejovice"]
[Date "2020.07.02"]
[Round "2.23"]
[White "Karweit, Alex W"]
[Black "Cipera, Josef"]
[Result "1-0"]
[WhiteElo "1579"]
[BlackElo "1612"]
[Annotator "NA"]
[PlyCount "59"]
[EventDate "2020.07.01"]
[EventType "swiss"]
[EventCountry "CZE"]
[SourceTitle "playchess.com"]
[Source "ChessBase"]
[SourceQuality "1"]
[TimeControl "40/5400+30:1800+30"]

1. e4 {[%emt 0:00:00]} c5 {[%emt 0:00:00]} 2. Nf3 {[%emt 0:00:00]} a6 {[%emt 0:00:00]} 3. d4 {[%emt 0:00:00]} cxd4 {[%emt 0:00:00]} 4. Nxd4 {[%emt 0:00:00]} d6 {[%emt 0:00:06]} 5. Nc3 {[%emt 0:00:27]} e5 {[%emt 0:00:12]} 6. Nb3 {[%emt 0:00:52]} Be6 {[%emt 0:00:07]} 7. Be3 {[%emt 0:03:28]} Nf6 {[%emt 0:03:42]} 8. Bd3 {[%emt 0:05:28]} Be7 {[%emt 0:01:33]} 9. h3 {[%emt 0:01:51]} b5 {[%emt 0:01:12]} 10. a4 {[%emt 0:05:18]} b4 {[%emt 0:04:20]} 11. Ne2 {[%emt 0:07:30]} Nc6 {[%emt 0:03:08]} 12. O-O {[%emt 0:06:57]} O-O {[%emt 0:07:19]} 13. f4 {[%emt 0:06:31]} exf4 {[%emt 0:02:37]} 14. Nxf4 {[%emt 0:01:06]} Qd7 {[%emt 0:07:23]} 15. Nd4 {[%emt 0:07:02]} Ne5 {[%emt 0:01:41]} 16. Nfxe6 {[%emt 0:11:26]} fxe6 {[%emt 0:00:17]} 17. Rc1 {[%emt 0:03:04]} Nc6 {[%emt 0:05:54]} 18. c3 {[%emt 0:05:58]} Nxd4 {[%emt 0:02:00]} 19. cxd4 {[%emt 0:02:11]} Qb7 {[%emt 0:01:41]} 20. e5 {[%emt 0:03:07]} Nd5 {[%emt 0:08:11]} 21. Bd2 {[%emt 0:06:21]} Rxf1+ {[%emt 0:02:43]} 22. Qxf1 {[%emt 0:00:23]} Rf8 {[%emt 0:01:52]} 23. Qe2 {[%emt 0:01:02]} Nf4 {[%emt 0:02:12]} 24. Bxf4 {[%emt 0:01:14]} Rxf4 {[%emt 0:00:10]} 25. exd6 {[%emt 0:00:42]} Bf8 {[%emt 0:06:12]} 26. Qxe6+ {[%emt 0:01:01]} Qf7 {[%emt 0:03:17]} 27. Bc4 {[%emt 0:01:24]} Qxe6 {[%emt 0:01:02]} 28. Bxe6+ {[%emt 0:00:08]} Kh8 {[%emt 0:00:17]} 29. d7 {[%emt 0:00:32]} Be7 {[%emt 0:03:04]} 30. Rc8+ {[%emt 0:00:12]} 1-0

[Event "FIDE Open Sachove Univerzity QCC"]
[Site "Ceske Budejovice"]
[Date "2020.07.02"]
[Round "2.24"]
[White "Bastyr, Pavel"]
[Black "Janouskova, Adela"]
[Result "0-1"]
[WhiteElo "1439"]
[BlackElo "1377"]
[Annotator "NA"]
[PlyCount "26"]
[EventDate "2020.07.01"]
[EventType "swiss"]
[EventCountry "CZE"]
[SourceTitle "playchess.com"]
[Source "ChessBase"]
[SourceQuality "1"]
[TimeControl "40/5400+30:1800+30"]

1. d4 {[%emt 0:00:00]} d5 {[%emt 0:00:00]} 2. c4 {[%emt 0:00:00]} e6 {[%emt 0:00:00]} 3. Nc3 {[%emt 0:00:00]} Nf6 {[%emt 0:00:00]} 4. Bg5 {[%emt 0:00:00]} Be7 {[%emt 0:00:04]} 5. e3 {[%emt 0:00:10]} O-O {[%emt 0:00:11]} 6. Nf3 {[%emt 0:00:06]} c5 {[%emt 0:01:10]} 7. Bd3 {[%emt 0:02:11]} Nc6 {[%emt 0:01:09]} 8. dxc5 {[%emt 0:01:40]} dxc4 {[%emt 0:06:55]} 9. Bxc4 {[%emt 0:00:19]} Qa5 {[%emt 0:02:34]} 10. O-O {[%emt 0:00:44]} Qxc5 {[%emt 0:01:38]} 11. Bxf6 {[%emt 0:02:09]} Bxf6 {[%emt 0:00:21]} 12. Qb3 {[%emt 0:00:29]} Na5 {[%emt 0:01:04]} 13. Ne4 {[%emt 0:02:29]} Nxb3 {[%emt 0:02:22]} 0-1

[Event "FIDE Open Sachove Univerzity QCC"]
[Site "Ceske Budejovice"]
[Date "2020.07.02"]
[Round "2.25"]
[White "Zachar, Jaroslav"]
[Black "Jilek, Pavel"]
[Result "1-0"]
[WhiteElo "1831"]
[BlackElo "1234"]
[Annotator "NA"]
[PlyCount "79"]
[EventDate "2020.07.01"]
[EventType "swiss"]
[EventCountry "CZE"]
[SourceTitle "playchess.com"]
[Source "ChessBase"]
[SourceQuality "1"]
[TimeControl "40/5400+30:1800+30"]

1. d4 {[%emt 0:00:01]} d5 {[%emt 0:00:18]} 2. e3 {[%emt 0:02:02]} Nf6 {[%emt 0:01:40]} 3. c4 {[%emt 0:01:29]} b6 {[%emt 0:02:34]} 4. Nc3 {[%emt 0:02:39]} e6 {[%emt 0:01:40]} 5. f4 {[%emt 0:05:20] [#]} Bd7 $146 {[%emt 0:02:34]} (5... Bd6 $11) ({Predecessor:} 5... Bb4 6. Bd2 Bxc3 7. Bxc3 Ne4 8. Nf3 O-O 9. cxd5 exd5 10. Bd3 Nd7 11. O-O Ndf6 12. Be1 Qd6 {0-1 (32) Rey,T-Krebel,A (1765) Goch 2014}) 6. Nf3 {[%emt 0:00:16] D35: Queen's Gambit Declined: Exchange Variation.} Bd6 {[%emt 0:02:24]} 7. Ne5 {[%emt 0:03:14]} Qe7 {[%emt 0:05:32]} 8. Bd3 {[%emt 0:09:29]} Nc6 {[%emt 0:03:46]} (8... O-O $14) 9. O-O {[%emt 0:01:14]} Nb4 {[%emt 0:05:54]} 10. Bb1 {[%emt 0:02:38]} c5 {[%emt 0:02:50]} 11. a3 {[%emt 0:01:41]} Nc6 {[%emt 0:03:22]} 12. Bd2 {[%emt 0:02:09]} cxd4 {[%emt 0:02:54]} 13. Nxc6 {[%emt 0:00:24]} Bxc6 {[%emt 0:03:05]} 14. exd4 {[%emt 0:00:30]} dxc4 {[%emt 0:00:30]} 15. a4 {[%emt 0:01:48]} a6 {[%emt 0:03:28]} 16. Qe2 {[%emt 0:03:10]} Qb7 {[%emt 0:05:47]} 17. f5 {[%emt 0:00:06]} Bd7 {[%emt 0:08:43]} 18. Bg5 {[%emt 0:03:11]} ({White should play} 18. fxe6 $18 fxe6 19. Be4 (19. Qxc4 O-O $14) 19... Nxe4 20. Nxe4) 18... Qc7 $2 {[%emt 0:03:43]} (18... O-O-O $16) 19. g3 $2 {[%emt 0:01:00]} (19. fxe6 $18 Bxe6 20. Bxf6 gxf6 21. Nd5) 19... Qc6 $2 {[%emt 0:04:23]} ({Black should try} 19... e5 $14) 20. Bxf6 {[%emt 0:01:17]} gxf6 {[%emt 0:01:02]} 21. Be4 {[%emt 0:00:14]} Qc8 {[%emt 0:01:37]} 22. Bxa8 {[%emt 0:00:31]} Qxa8 {[%emt 0:00:30]} 23. fxe6 {[%emt 0:00:48]} Bxe6 {[%emt 0:03:54]} 24. Ne4 {[%emt 0:01:14]} Be7 {[%emt 0:02:37]} 25. Nxf6+ {[%emt 0:00:39]} Kf8 {[%emt 0:05:36]} 26. Nh5 {[%emt 0:01:24]} Qd5 {[%emt 0:03:56]} 27. Rad1 {[%emt 0:01:27]} Rg8 {[%emt 0:02:23]} 28. Nf4 {[%emt 0:00:30]} Bg4 {[%emt 0:02:13]} 29. Qxg4 {[%emt 0:07:25]} Rxg4 {[%emt 0:00:57]} 30. Nxd5 {[%emt 0:00:35]} Bd8 {[%emt 0:05:39]} 31. Rf4 {[%emt 0:01:06]} Rg6 $18 {[%emt 0:02:17]} 32. Rdf1 {[%emt 0:00:10]} Rg7 {[%emt 0:01:59]} 33. Ne3 {[%emt 0:10:00]} b5 {[%emt 0:02:42]} 34. Nf5 {[%emt 0:01:22]} Rg6 {[%emt 0:02:02]} 35. Kg2 {[%emt 0:00:16]} bxa4 {[%emt 0:01:09]} 36. d5 {[%emt 0:00:12]} c3 {[%emt 0:00:47]} 37. bxc3 {[%emt 0:00:52]} Bf6 {[%emt 0:00:19]} 38. Nh4 {[%emt 0:00:30]} Bxh4 {[%emt 0:01:43]} 39. Rxh4 {[%emt 0:00:31]} Rg7 {[%emt 0:00:30]} 40. Rxa4 {[%emt 0:00:26]} 1-0

[Event "FIDE Open Sachove Univerzity QCC"]
[Site "Ceske Budejovice"]
[Date "2020.07.02"]
[Round "2.26"]
[White "Komarek, Tobias"]
[Black "Kanka, Lukas"]
[Result "0-1"]
[WhiteElo "1246"]
[BlackElo "1667"]
[Annotator "NA"]
[PlyCount "108"]
[EventDate "2020.07.01"]
[EventType "swiss"]
[EventCountry "CZE"]
[SourceTitle "playchess.com"]
[Source "ChessBase"]
[SourceQuality "1"]
[TimeControl "40/5400+30:1800+30"]

1. e4 {[%emt 0:00:00]} e5 {[%emt 0:00:30]} 2. Nf3 {[%emt 0:00:05]} Nc6 {[%emt 0:00:30]} 3. Bc4 {[%emt 0:00:11]} Bc5 {[%emt 0:00:05]} 4. O-O {[%emt 0:00:35]} Nf6 {[%emt 0:01:08]} 5. d3 {[%emt 0:00:30]} h6 {[%emt 0:00:30]} 6. Nc3 {[%emt 0:00:15]} d6 {[%emt 0:00:22]} 7. h3 {[%emt 0:00:24]} Be6 {[%emt 0:00:21]} 8. Bb3 {[%emt 0:00:09]} Qd7 {[%emt 0:02:00]} 9. Kh2 {[%emt 0:02:30]} O-O-O {[%emt 0:01:41]} 10. Be3 {[%emt 0:07:38]} g5 {[%emt 0:04:32]} 11. Bxe6 {[%emt 0:02:18]} Qxe6 {[%emt 0:01:31]} 12. Bxc5 {[%emt 0:12:32]} dxc5 {[%emt 0:00:23]} 13. Qe2 {[%emt 0:15:41]} g4 {[%emt 0:01:36]} 14. Nh4 {[%emt 0:14:18]} Nd4 {[%emt 0:01:47]} 15. Qd1 {[%emt 0:03:32]} Rdg8 {[%emt 0:05:23]} 16. f4 {[%emt 0:07:35]} exf4 {[%emt 0:03:42]} 17. Rxf4 {[%emt 0:02:09]} gxh3 {[%emt 0:01:57]} 18. gxh3 {[%emt 0:01:32]} Qe5 {[%emt 0:00:29]} 19. Qf1 {[%emt 0:02:13]} Nh5 {[%emt 0:00:27]} 20. Nd5 {[%emt 0:02:12]} Nxf4 {[%emt 0:02:49]} 21. Qxf4 {[%emt 0:01:01]} Qxf4+ {[%emt 0:01:13]} 22. Nxf4 {[%emt 0:00:13]} Nxc2 {[%emt 0:01:46]} 23. Rc1 {[%emt 0:00:27]} Nb4 {[%emt 0:00:27]} 24. a3 {[%emt 0:00:49]} Na6 {[%emt 0:01:40]} 25. Nf5 {[%emt 0:03:38]} Re8 {[%emt 0:02:19]} 26. b4 {[%emt 0:03:08]} cxb4 {[%emt 0:02:32]} 27. Nd6+ {[%emt 0:00:20]} Kd7 {[%emt 0:01:07]} 28. Nxe8 {[%emt 0:00:15]} Rxe8 {[%emt 0:00:15]} 29. axb4 {[%emt 0:00:27]} c6 {[%emt 0:01:12]} 30. Rb1 {[%emt 0:00:56]} Re5 {[%emt 0:00:36]} 31. Kg3 {[%emt 0:01:30]} Rb5 {[%emt 0:00:38]} 32. Kg4 {[%emt 0:02:23]} Nxb4 {[%emt 0:00:14]} 33. h4 {[%emt 0:00:48]} a5 {[%emt 0:00:24]} 34. Ne2 {[%emt 0:01:10]} h5+ {[%emt 0:00:10]} 35. Kf3 {[%emt 0:00:28]} Nxd3 {[%emt 0:00:36]} 36. Rxb5 {[%emt 0:01:21]} cxb5 {[%emt 0:00:08]} 37. Nd4 {[%emt 0:06:26]} b4 {[%emt 0:01:20]} 38. Ke3 {[%emt 0:00:44]} Nc5 {[%emt 0:00:26]} 39. Kd2 {[%emt 0:02:47]} Nxe4+ {[%emt 0:00:24]} 40. Ke3 {[%emt 0:00:31]} Nd6 {[%emt 0:00:25]} 41. Kf4 {[%emt 0:31:11]} a4 {[%emt 0:30:30]} 42. Nc2 {[%emt 0:00:45]} b3 {[%emt 0:00:21]} 43. Na3 {[%emt 0:00:24]} b5 {[%emt 0:00:08]} 44. Kg5 {[%emt 0:00:18]} b4 {[%emt 0:00:04]} 45. Nb1 {[%emt 0:00:40]} a3 {[%emt 0:00:17]} 46. Nd2 {[%emt 0:00:43]} b2 {[%emt 0:00:05]} 47. Kxh5 {[%emt 0:00:20]} a2 {[%emt 0:00:05]} 48. Kg5 {[%emt 0:00:33]} b1=Q {[%emt 0:00:12]} 49. Nxb1 {[%emt 0:00:07]} axb1=Q {[%emt 0:00:06]} 50. h5 {[%emt 0:00:11]} Qf5+ {[%emt 0:00:08]} 51. Kh6 {[%emt 0:00:22]} Qf6+ {[%emt 0:00:14]} 52. Kh7 {[%emt 0:00:15]} Ne8 {[%emt 0:00:03]} 53. h6 {[%emt 0:01:43]} Qg6+ {[%emt 0:00:06]} 54. Kh8 {[%emt 0:00:14]} f5 {[%emt 0:00:31]} 0-1

[Event "FIDE Open Sachove Univerzity QCC"]
[Site "Ceske Budejovice"]
[Date "2020.07.02"]
[Round "2.27"]
[White "Berkovec, Jakub"]
[Black "Smola, David"]
[Result "0-1"]
[WhiteElo "1224"]
[BlackElo "1649"]
[Annotator "NA"]
[PlyCount "36"]
[EventDate "2020.07.01"]
[EventType "swiss"]
[EventCountry "CZE"]
[SourceTitle "playchess.com"]
[Source "ChessBase"]
[SourceQuality "1"]
[TimeControl "40/5400+30:1800+30"]

1. e4 {[%emt 0:00:00]} e5 {[%emt 0:00:00]} 2. Nf3 {[%emt 0:00:03]} Nc6 {[%emt 0:00:19]} 3. d4 {[%emt 0:01:11]} exd4 {[%emt 0:00:45]} 4. Nxd4 {[%emt 0:00:50]} Bc5 {[%emt 0:01:08]} 5. Nb3 {[%emt 0:01:09]} Bb6 {[%emt 0:01:19]} 6. Nc3 {[%emt 0:01:43]} Qf6 {[%emt 0:03:53]} 7. Qe2 {[%emt 0:02:50]} Nge7 {[%emt 0:02:11]} 8. Be3 {[%emt 0:03:20]} O-O {[%emt 0:03:33]} 9. O-O-O {[%emt 0:03:15]} d6 {[%emt 0:02:45]} 10. Bxb6 {[%emt 0:02:17]} axb6 {[%emt 0:01:11]} 11. f3 {[%emt 0:02:14]} Be6 {[%emt 0:02:18]} 12. Qf2 {[%emt 0:05:37]} Nb4 {[%emt 0:04:59]} 13. a3 {[%emt 0:03:56]} Bxb3 {[%emt 0:05:33]} 14. cxb3 {[%emt 0:02:44]} Rxa3 {[%emt 0:02:38]} 15. Qd4 {[%emt 0:10:24]} Ra1+ {[%emt 0:06:40]} 16. Nb1 {[%emt 0:02:30]} Qg5+ {[%emt 0:02:48]} 17. Qd2 {[%emt 0:02:03]} Qc5+ {[%emt 0:00:59]} 18. Qc3 {[%emt 0:03:08]} Na2+ {[%emt 0:00:26]} 0-1

[Event "FIDE Open Sachove Univerzity QCC"]
[Site "Ceske Budejovice"]
[Date "2020.07.02"]
[Round "2.28"]
[White "Zezula, Jakub"]
[Black "Postl, Frantisek"]
[Result "1-0"]
[WhiteElo "1449"]
[BlackElo "1188"]
[Annotator "NA"]
[PlyCount "61"]
[EventDate "2020.07.01"]
[EventType "swiss"]
[EventCountry "CZE"]
[SourceTitle "playchess.com"]
[Source "ChessBase"]
[SourceQuality "1"]
[TimeControl "40/5400+30:1800+30"]

1. e4 {[%emt 0:00:00]} e5 {[%emt 0:00:00]} 2. Nf3 {[%emt 0:00:00]} Nf6 {[%emt 0:00:15]} 3. Nxe5 {[%emt 0:00:28]} d6 {[%emt 0:00:13]} 4. Nf3 {[%emt 0:00:14]} Nxe4 {[%emt 0:00:14]} 5. d4 {[%emt 0:00:48]} d5 {[%emt 0:01:14]} 6. Bd3 {[%emt 0:01:46]} Bf5 {[%emt 0:01:14]} 7. O-O {[%emt 0:03:17]} Be7 {[%emt 0:00:54]} 8. Bf4 {[%emt 0:05:20]} Nc6 {[%emt 0:02:40]} 9. Nbd2 {[%emt 0:04:15]} Nxd2 {[%emt 0:01:47]} 10. Qxd2 {[%emt 0:00:28]} Bxd3 {[%emt 0:01:53]} 11. Qxd3 {[%emt 0:00:23]} Qd7 {[%emt 0:03:03]} 12. a3 {[%emt 0:03:11]} O-O-O {[%emt 0:01:17]} 13. c4 {[%emt 0:01:21]} dxc4 {[%emt 0:01:36]} 14. Qxc4 {[%emt 0:00:15]} Nxd4 {[%emt 0:01:19]} 15. Nxd4 {[%emt 0:00:18]} g5 {[%emt 0:01:12]} 16. Bg3 {[%emt 0:03:20]} f5 {[%emt 0:00:19]} 17. Nxf5 {[%emt 0:01:17]} Rhf8 {[%emt 0:01:46]} 18. Nxe7+ {[%emt 0:01:02]} Qxe7 {[%emt 0:00:15]} 19. Rac1 {[%emt 0:02:20]} c6 {[%emt 0:00:26]} 20. Qg4+ {[%emt 0:00:31]} Qd7 {[%emt 0:00:35]} 21. Qxd7+ {[%emt 0:00:39]} Rxd7 {[%emt 0:00:19]} 22. Rcd1 {[%emt 0:00:07]} Rxd1 {[%emt 0:00:53]} 23. Rxd1 {[%emt 0:00:06]} Re8 {[%emt 0:00:12]} 24. Kf1 {[%emt 0:00:14]} b5 {[%emt 0:00:32]} 25. Rd6 {[%emt 0:01:28]} c5 {[%emt 0:03:12]} 26. Rc6+ {[%emt 0:01:11]} Kd7 {[%emt 0:00:17]} 27. Rxc5 {[%emt 0:00:00]} a6 {[%emt 0:00:14]} 28. Rxg5 {[%emt 0:01:10]} Ke6 {[%emt 0:01:30]} 29. Re5+ {[%emt 0:00:15]} Kf7 {[%emt 0:00:15]} 30. Rxe8 {[%emt 0:00:08]} Kxe8 {[%emt 0:00:09]} 31. Ke2 {[%emt 0:00:05]} 1-0

[Event "FIDE Open Sachove Univerzity QCC"]
[Site "Ceske Budejovice"]
[Date "2020.07.02"]
[Round "2.29"]
[White "Stavova, Marketa"]
[Black "Dudkova, Josefina"]
[Result "1/2-1/2"]
[WhiteElo "1219"]
[BlackElo "1447"]
[Annotator "NA"]
[PlyCount "83"]
[EventDate "2020.07.01"]
[EventType "swiss"]
[EventCountry "CZE"]
[SourceTitle "playchess.com"]
[Source "ChessBase"]
[SourceQuality "1"]
[TimeControl "40/5400+30:1800+30"]

1. e4 {[%emt 0:00:00]} c5 {[%emt 0:00:08]} 2. Nf3 {[%emt 0:01:13]} d6 {[%emt 0:00:25]} 3. h3 {[%emt 0:01:02]} Nf6 {[%emt 0:01:11]} 4. c3 {[%emt 0:00:32]} g6 {[%emt 0:02:34]} 5. d3 {[%emt 0:03:00]} Bg7 {[%emt 0:01:58]} 6. Be3 {[%emt 0:01:50]} Nc6 {[%emt 0:03:58]} 7. Nbd2 {[%emt 0:02:40]} a6 {[%emt 0:09:45]} 8. d4 {[%emt 0:05:11]} cxd4 {[%emt 0:01:19]} 9. cxd4 {[%emt 0:02:12]} e6 {[%emt 0:07:05]} 10. Be2 {[%emt 0:05:32]} Bd7 {[%emt 0:03:36]} 11. O-O {[%emt 0:05:43]} O-O {[%emt 0:01:20]} 12. Qb3 {[%emt 0:07:17]} b5 {[%emt 0:05:50]} 13. Rac1 {[%emt 0:04:25]} Qe7 {[%emt 0:07:28]} 14. e5 {[%emt 0:03:38]} Nd5 {[%emt 0:03:32]} 15. exd6 {[%emt 0:04:19]} Qxd6 {[%emt 0:00:34]} 16. Ne4 {[%emt 0:02:55]} Qe7 {[%emt 0:05:17]} 17. Bg5 {[%emt 0:05:08]} Qe8 {[%emt 0:08:59]} 18. Rfd1 {[%emt 0:10:11]} h6 {[%emt 0:11:35]} 19. Bh4 {[%emt 0:02:18]} g5 {[%emt 0:02:04]} 20. Bg3 {[%emt 0:01:19]} f5 {[%emt 0:03:43]} 21. Nc5 {[%emt 0:04:16]} Qe7 {[%emt 0:04:06]} 22. Be5 {[%emt 0:04:17]} Bxe5 {[%emt 0:02:18]} 23. Nxe5 {[%emt 0:01:06]} Nxe5 {[%emt 0:00:20]} 24. dxe5 {[%emt 0:00:14]} Rfc8 {[%emt 0:02:20]} 25. Nxd7 {[%emt 0:02:44]} Qxd7 {[%emt 0:00:21]} 26. Rxc8+ {[%emt 0:00:54]} Rxc8 {[%emt 0:00:59]} 27. Bf3 {[%emt 0:01:53]} Rd8 {[%emt 0:02:44]} 28. Qa3 {[%emt 0:03:05]} Qa7 {[%emt 0:02:59]} 29. Bxd5 {[%emt 0:02:11]} exd5 {[%emt 0:00:43]} 30. e6 {[%emt 0:03:12]} Re8 {[%emt 0:03:02]} 31. Rxd5 {[%emt 0:01:10]} Rxe6 {[%emt 0:00:24]} 32. Rxf5 {[%emt 0:00:47]} Re7 {[%emt 0:02:33]} 33. Qd6 {[%emt 0:01:17]} Qd7 {[%emt 0:00:47]} 34. Qxd7 {[%emt 0:00:56]} Rxd7 {[%emt 0:00:09]} 35. Rf6 {[%emt 0:00:07]} Rd2 {[%emt 0:00:14]} 36. Rxh6 {[%emt 0:00:40]} Rxb2 {[%emt 0:00:17]} 37. Rxa6 {[%emt 0:00:05]} Kh7 {[%emt 0:00:21]} 38. Rb6 {[%emt 0:01:00]} b4 {[%emt 0:00:37]} 39. g4 {[%emt 0:00:44]} Kg7 {[%emt 0:00:28]} 40. Kf1 {[%emt 0:01:14]} Kf7 {[%emt 0:00:36]} 41. f3 {[%emt 0:30:50]} Kg7 {[%emt 0:30:24]} 42. Ke1 {[%emt 0:00:16]} 1/2-1/2